00541nam a2200181Ia 4500003000500000008004100005020001800046040001900064082000700083100002200090100002100112245008700133246007300220260003400293300001000327365000800337546001400345STCL221019s9999 xx 000 0 und d a9789386429520 aSTCLcSTCLbEN 222 aParameswaran, P R aSuskind, Patrick 0aപെർഫ്യൂം: ഒരു കൊലപാതകിയുടെ കഥ aPerfume: oru kolapathakiyude kadha/ Perfume: the story of a murderer bCurrent BooksaThrissurc2018 a280 p b280 aMalayalam